Cattle Gastro-Intestinal Parasites At Kouk Pou Commune, BoreyCholsar District, Takeo Province, បរាសិតក្នុងក្រពះពោះវៀនគោ នៅឃុំគោកពោធិ៍ ស្រុកបូរីជលសារ ខេត្តតាកែវ (Record no. 25535)

000 -LEADER
fixed length control field 00578nam a22001217a 4500
040 ## - CATALOGING SOURCE
Transcribing agency RUA
082 ## - DEWEY DECIMAL CLASSIFICATION NUMBER
Classification number VEM CHH 2025 B705 Or.
100 ## - MAIN ENTRY--AUTHOR NAME
Personal name CHHIN SOPHAL,ឈិន សុផល.
245 ## - TITLE STATEMENT
Title Cattle Gastro-Intestinal Parasites At Kouk Pou Commune, BoreyCholsar District, Takeo Province, បរាសិតក្នុងក្រពះពោះវៀនគោ នៅឃុំគោកពោធិ៍ ស្រុកបូរីជលសារ ខេត្តតាកែវ
260 ## - PUBLICATION, DISTRIBUTION, ETC. (IMPRINT)
Place of publication PHNOM PENH
Name of publisher RUA
Year of publication 2025
300 ## - PHYSICAL DESCRIPTION
Number of Pages XI,47P.
Other physical details ILL.
Dimensions 29CM.
942 ## - ADDED ENTRY ELEMENTS (KOHA)
Koha item type សារណាបទ
952 ## - LOCATION AND ITEM INFORMATION (KOHA)
Withdrawn status [LOCAL, KOHA] 0
952 ## - LOCATION AND ITEM INFORMATION (KOHA)
Withdrawn status [LOCAL, KOHA] 0
Holdings
Permanent Location Date acquired Koha item type Lost status Shelving location Barcode Current Location Full call number
Library Block B2026-03-09សារណាបទ B705c034485Library Block BVEM CHH 2025 B705 Or.1
Library Block B2026-03-09សារណាបទ B705c034482Library Block BVEM CHH 2025 B705 Or.2
មជ្ឈមណ្ឌលឯការនៃសាកលវិទ្យាល័យភូមិន្ទកសិកម្មចំការដូង

Powered by Koha